000
00323nam a2200133Ia 4500
008
190216s9999||||xx |||||||||||||| ||und||
100
_a
Abdul Assis Koroth
245
0
_a
Investment Manegement
250
_a
I
260
_b
Calicut University Central Co-Operative
_c
2006
300
_a
340
650
_a
Commerce
942
_c
BK
999
_c
8160
_d
8160